[Event "IX Floripa Chess Open Fort Atacadista"]
[Site "Florianópolis - Santa Catari"]
[Date "2023.01.29"]
[Round "10.56"]
[White "Rodriguez Farias, Eduardo"]
[Black "Becker, Rogerio Sperb"]
[Result "0-1"]
[WhiteElo "1919"]
[BlackElo "2128"]
[PlyCount "132"]
[EventDate "2023.01.23"]
[EventRounds "10"]
[EventCountry "BRA"]

1. e4 c6 2. d4 d5 3. e5 Bf5 4. h4 Qb6 5. Nf3 e6 6. Bd3 Bxd3 7. Qxd3 Qa6 8. c4
Qxc4 9. Qxc4 dxc4 10. a4 a5 11. Nfd2 Ne7 12. Nxc4 Nf5 13. Be3 h5 14. Nc3 Na6
15. Ke2 Nb4 16. Rac1 Be7 17. g3 f6 18. Rhd1 Kf7 19. Ne4 Nd5 20. Nc3 Rhd8 21.
Nxd5 exd5 22. Nd2 Nxe3 23. Kxe3 fxe5 24. dxe5 Ke6 25. f4 c5 26. Nb1 c4 27. Na3
Bc5+ 28. Kf3 Bxa3 29. bxa3 Rac8 30. Rd2 Rc6 31. Ke3 g6 32. Kd4 Rb6 33. Rc3 Rc8
34. Rg2 Rb1 35. Rd2 Rc6 36. Rcc2 Rb3 37. Rc3 Rcb6 38. Rdc2 Rxc3 39. Rxc3 Rb1
40. Kc5 Rb2 41. Rc1 b6+ 42. Kc6 Rb3 43. Rg1 c3 44. g4 c2 45. gxh5 Rb1 46. h6
Rxg1 47. h7 c1=Q+ 48. Kb7 Qxf4 49. h8=Q Qxe5 50. Qg8+ Kf5 51. h5 Qe6 52. Qf8+
Kg5 53. Qf2 Rg4 54. Qd2+ Kxh5 55. Qh2+ Kg5 56. Qd2+ Kf6 57. Qf2+ Ke7 58. Qh2
Rc4 59. Qh7+ Qf7 60. Qh8 Ke6+ 61. Ka6 Rc7 62. Qh3+ Ke7 63. Qe3+ Kd8 64. Qg5+
Kc8 65. Qg4+ Qd7 66. Qc4 dxc4 0-1

[Event "IX Floripa Chess Open Fort Atacadista"]
[Site "Florianópolis - Santa Catari"]
[Date "2023.01.29"]
[Round "10.57"]
[White "Medeiros Jr, Francisco De Assis"]
[Black "Bitencourt, Evandro Jose Dos S"]
[Result "1-0"]
[WhiteElo "2071"]
[BlackElo "1859"]
[PlyCount "53"]
[EventDate "2023.01.23"]
[EventRounds "10"]
[EventCountry "BRA"]

1. e4 c5 2. Nf3 d6 3. d4 cxd4 4. Nxd4 Nf6 5. Nc3 a6 6. Bg5 e6 7. f4 Be7 8. Qf3
Qc7 9. O-O-O Nbd7 10. Bd3 h6 11. Bh4 g5 12. e5 dxe5 13. Nxe6 fxe6 14. Bg6+ Kf8
15. fxg5 hxg5 16. Bxg5 Kg7 17. Ne4 Rf8 18. Qg3 Qc4 19. Bxf6+ Rxf6 20. Nxf6 Nxf6
21. Bh5+ Kf8 22. Qg6 Qf4+ 23. Kb1 Ne4 24. Qe8+ Kg7 25. Qxe7+ Kh6 26. Bf3 Nf2
27. Rd8 1-0

[Event "IX Floripa Chess Open Fort Atacadista"]
[Site "Florianópolis - Santa Catari"]
[Date "2023.01.29"]
[Round "10.58"]
[White "Feller, Gabriela Luisa Vice"]
[Black "Soares, Joao Carlos T. C."]
[Result "1-0"]
[WhiteElo "1914"]
[BlackElo "2062"]
[PlyCount "79"]
[EventDate "2023.01.23"]
[EventRounds "10"]
[EventCountry "BRA"]

1. d4 Nf6 2. c4 g6 3. Nf3 Bg7 4. Nc3 O-O 5. Bf4 d6 6. h3 b6 7. e3 Bb7 8. Be2
Nbd7 9. O-O Ne4 10. Nxe4 Bxe4 11. Nd2 Bb7 12. Bf3 Qc8 13. Bxb7 Qxb7 14. Qf3
Qxf3 15. Nxf3 h6 16. Rab1 g5 17. Bh2 a5 18. Rfd1 f5 19. d5 Nc5 20. Nd4 e5 21.
dxe6 Rae8 22. b3 f4 23. exf4 gxf4 24. a3 Nxe6 25. Nxe6 Rxe6 26. Re1 Rxe1+ 27.
Rxe1 a4 28. bxa4 Ra8 29. Bxf4 Rxa4 30. Re8+ Kf7 31. Rc8 Ra7 32. Kf1 Ke6 33. Ke2
Kf5 34. Bc1 Bd4 35. Kd3 Bc5 36. a4 Kg6 37. f4 Rxa4 38. Rxc7 Ra1 39. Rg7+ Kh5
40. Bb2 1-0

[Event "IX Floripa Chess Open Fort Atacadista"]
[Site "Florianópolis - Santa Catari"]
[Date "2023.01.29"]
[Round "10.59"]
[White "Guerrero, Alvaro"]
[Black "Oviedo Acosta, Paula"]
[Result "1-0"]
[WhiteElo "2058"]
[BlackElo "1836"]
[PlyCount "77"]
[EventDate "2023.01.23"]
[EventRounds "10"]
[EventCountry "BRA"]

1. e4 c5 2. d3 Nc6 3. Nf3 Nf6 4. g3 g6 5. Bg2 Bg7 6. O-O O-O 7. Re1 e5 8. c3 d6
9. a3 h6 10. b4 a6 11. Nbd2 Be6 12. Bb2 Qd7 13. Nc4 Rad8 14. Nfd2 Nh5 15. Nb6
Qc7 16. Nd5 Qb8 17. Nb3 b6 18. Rc1 Qb7 19. Qe2 Ne7 20. c4 Nc6 21. Qd2 Kh7 22.
Rb1 Nd4 23. Bxd4 cxd4 24. a4 Bxd5 25. exd5 f5 26. a5 f4 27. axb6 f3 28. Bh3 Rd7
29. Na5 Qc8 30. b5 axb5 31. Rxb5 Qe8 32. b7 g5 33. b8=Q Rd8 34. Qa7 Nxg3 35.
hxg3 Qh5 36. Rb7 Rg8 37. Bf5+ Kh8 38. Re4 Ra8 39. Rxg7 1-0

[Event "IX Floripa Chess Open Fort Atacadista"]
[Site "Florianópolis - Santa Catari"]
[Date "2023.01.29"]
[Round "10.60"]
[White "Andrade, Guilherme A. De Sou"]
[Black "Camara, Terbio Jose"]
[Result "1-0"]
[WhiteElo "1913"]
[BlackElo "2055"]
[PlyCount "33"]
[EventDate "2023.01.23"]
[EventRounds "10"]
[EventCountry "BRA"]

1. e4 c5 2. Nf3 e6 3. d4 cxd4 4. Nxd4 Nc6 5. Nc3 Qc7 6. Be3 a6 7. Qd2 Nf6 8.
O-O-O Bb4 9. f3 d5 10. a3 Bxc3 11. Qxc3 dxe4 12. fxe4 Nxe4 13. Qd3 f5 14. Qc4
Nd6 15. Nxe6 Bxe6 16. Qxe6+ Qe7 17. Rxd6 1-0

[Event "IX Floripa Chess Open Fort Atacadista"]
[Site "Florianópolis - Santa Catari"]
[Date "2023.01.29"]
[Round "10.61"]
[White "Peroza, Eduardo Antunes"]
[Black "Borger, David Lupovici"]
[Result "1-0"]
[WhiteElo "2053"]
[BlackElo "1832"]
[PlyCount "101"]
[EventDate "2023.01.23"]
[EventRounds "10"]
[EventCountry "BRA"]

1. e4 c5 2. Nf3 Nc6 3. Bb5 g6 4. Bxc6 dxc6 5. h3 e5 6. d3 Qc7 7. a4 h6 8. O-O
Be6 9. Qe2 Nf6 10. Bd2 a5 11. Nh2 Nh5 12. Nc3 Bg7 13. Rae1 O-O-O 14. b3 Nf4 15.
Qd1 h5 16. Nf3 f6 17. Nh4 Qf7 18. Ne2 g5 19. Nxf4 exf4 20. Nf5 b6 21. Qf3 Bxf5
22. exf5 Qd5 23. Re4 Rd7 24. Rfe1 Kc7 25. Bc3 Qxf5 26. Re6 Qd5 27. Qxd5 Rxd5
28. Bxf6 Bxf6 29. Rxf6 Rhd8 30. h4 gxh4 31. Rxf4 Rd4 32. Ree4 Rxe4 33. Rxe4 Rd5
34. Rxh4 Re5 35. Re4 Rg5 36. Kh2 Kd6 37. Kh3 b5 38. f4 Rg4 39. g3 Rg8 40. Kh4
c4 41. dxc4 bxa4 42. c5+ Kxc5 43. Rxa4 Rg4+ 44. Kh3 Kb5 45. f5 Rg8 46. Kh4 c5
47. f6 Kc6 48. f7 Rf8 49. Rf4 Kd7 50. Kxh5 c4 51. Kg6 1-0

[Event "IX Floripa Chess Open Fort Atacadista"]
[Site "Florianópolis - Santa Catari"]
[Date "2023.01.29"]
[Round "10.62"]
[White "Cavalcante, Adriano Nunes"]
[Black "Silva, Guilherme Henrique "]
[Result "1-0"]
[WhiteElo "1909"]
[BlackElo "2034"]
[PlyCount "123"]
[EventDate "2023.01.23"]
[EventRounds "10"]
[EventCountry "BRA"]

1. d4 Nf6 2. Nf3 e6 3. g3 c5 4. Bg2 cxd4 5. Nxd4 d6 6. O-O Be7 7. c4 O-O 8. b3
a6 9. Bb2 Qc7 10. Nd2 Bd7 11. Rc1 Nc6 12. N2f3 Rac8 13. Qd3 e5 14. Nxc6 bxc6
15. Nd2 Rfe8 16. Rfd1 Bf8 17. e4 h6 18. Nf1 c5 19. Ne3 Bc6 20. Nd5 Nxd5 21.
cxd5 Bb5 22. Qd2 Be7 23. Rc2 Bd7 24. Bf1 Qb6 25. Bd3 Bg4 26. Be2 Bg5 27. Qe1
Bh3 28. Bf1 Bg4 29. Be2 Bh3 30. Bf1 Bd7 31. Bd3 a5 32. Bc1 Bxc1 33. Rdxc1 Rb8
34. Rc3 a4 35. Kg2 Qa5 36. f3 axb3 37. axb3 Ra8 38. g4 Reb8 39. Bc4 Qd8 40.
R3c2 Qg5 41. h3 h5 42. Qd2 Qf6 43. Qe3 Ra7 44. Qd2 h4 45. Rb1 Rba8 46. b4 cxb4
47. Rxb4 Ra3 48. Rb3 Rxb3 49. Bxb3 Ra3 50. Qb4 Ra1 51. Qd2 Rb1 52. Bc4 g5 53.
Be2 Rb3 54. Rc7 Bb5 55. Rb7 Bxe2 56. Rxb3 Bc4 57. Rb8+ Kg7 58. Qc1 Ba6 59. Qe3
Qe7 60. Qb6 Qf6 61. Qd8 Bf1+ 62. Kg1 1-0

[Event "IX Floripa Chess Open Fort Atacadista"]
[Site "Florianópolis - Santa Catari"]
[Date "2023.01.29"]
[Round "10.63"]
[White "Martins De Aguiar, Marina"]
[Black "Goncalves, Nata"]
[Result "1/2-1/2"]
[WhiteElo "1873"]
[BlackElo "2013"]
[PlyCount "46"]
[EventDate "2023.01.23"]
[EventRounds "10"]
[EventCountry "BRA"]

1. e4 c5 2. Nf3 Nc6 3. d4 cxd4 4. Nxd4 Nf6 5. Nc3 e5 6. Ndb5 d6 7. Bg5 a6 8.
Na3 b5 9. Nd5 Be7 10. Bxf6 Bxf6 11. c3 O-O 12. Nc2 Rb8 13. h4 g6 14. g3 Bg7 15.
Bg2 Ne7 16. Nce3 Nxd5 17. Nxd5 Bb7 18. Qd2 Rc8 19. Rd1 Rc5 20. Ne3 Rc6 21. Nd5
Rc5 22. Ne3 Rc6 23. Nd5 Rc5 1/2-1/2

[Event "IX Floripa Chess Open Fort Atacadista"]
[Site "Florianópolis - Santa Catari"]
[Date "2023.01.29"]
[Round "10.64"]
[White "Pimenta, Elisandro Da Silva"]
[Black "Ferreira, Andrei Dias"]
[Result "1/2-1/2"]
[WhiteElo "1855"]
[BlackElo "2011"]
[PlyCount "58"]
[EventDate "2023.01.23"]
[EventRounds "10"]
[EventCountry "BRA"]

1. e4 c5 2. Nc3 e6 3. f4 d5 4. Nf3 a6 5. d3 Nc6 6. Be2 dxe4 7. Nxe4 Be7 8. O-O
Nf6 9. Bd2 b6 10. Qe1 Bb7 11. Bc3 Nd4 12. Bd1 O-O 13. Kh1 Re8 14. Ne5 Nxe4 15.
dxe4 Bf8 16. Qe3 Nb5 17. Bh5 g6 18. Rad1 Qc8 19. Nd7 Nxc3 20. Nf6+ Kh8 21. Qxc3
Bg7 22. Bf3 Rd8 23. e5 Bxf3 24. Qxf3 Bxf6 25. exf6 h6 26. Rxd8+ Qxd8 27. Rd1
Qe8 28. Qb7 Rd8 29. Qf3 Kh7 1/2-1/2

[Event "IX Floripa Chess Open Fort Atacadista"]
[Site "Florianópolis - Santa Catari"]
[Date "2023.01.29"]
[Round "10.65"]
[White "Urquiza, Marcello De Albuque"]
[Black "Panazzolo, Paulo Victor"]
[Result "1-0"]
[WhiteElo "2007"]
[BlackElo "1788"]
[PlyCount "39"]
[EventDate "2023.01.23"]
[EventRounds "10"]
[EventCountry "BRA"]

1. e4 e5 2. Nf3 Nc6 3. Bb5 a6 4. Ba4 Nf6 5. O-O b5 6. Bb3 Be7 7. c3 O-O 8. Qe2
d5 9. d4 Bg4 10. Nbd2 exd4 11. e5 Ne4 12. Nxe4 dxe4 13. Qxe4 Bxf3 14. gxf3 Na5
15. Bc2 g6 16. cxd4 Qd7 17. Bh6 Rfe8 18. Rac1 Nc4 19. Bb3 Na5 20. e6 1-0

[Event "IX Floripa Chess Open Fort Atacadista"]
[Site "Florianópolis - Santa Catari"]
[Date "2023.01.29"]
[Round "10.66"]
[White "Lima, Vinicius Taishun"]
[Black "Gadea, Fernando"]
[Result "1-0"]
[WhiteElo "1997"]
[BlackElo "1768"]
[PlyCount "57"]
[EventDate "2023.01.23"]
[EventRounds "10"]
[EventCountry "BRA"]

1. e4 c5 2. Nf3 d6 3. d4 cxd4 4. Nxd4 Nf6 5. Nc3 g6 6. Be3 Bg7 7. Bc4 O-O 8. f3
Nc6 9. Bb3 Bd7 10. Qd2 Rc8 11. O-O-O Ne5 12. Kb1 Nc4 13. Bxc4 Rxc4 14. g4 Re8
15. h4 h5 16. Nd5 Nxd5 17. exd5 e5 18. dxe6 Bxe6 19. gxh5 gxh5 20. Rhg1 Kh8 21.
Rg5 Qf6 22. Rdg1 Bg4 23. fxg4 Rxe3 24. Qxe3 Rxd4 25. Rxh5+ Kg8 26. Qe8+ Bf8 27.
Rg5+ Kh7 28. Qxf8 Rf4 29. Qg8+ 1-0

[Event "IX Floripa Chess Open Fort Atacadista"]
[Site "Florianópolis - Santa Catari"]
[Date "2023.01.29"]
[Round "10.67"]
[White "Lazzarotti, Calebe Kadlubiski"]
[Black "Ccerhuayo Escobedo, Mels Leopold"]
[Result "1-0"]
[WhiteElo "1801"]
[BlackElo "1988"]
[PlyCount "65"]
[EventDate "2023.01.23"]
[EventRounds "10"]
[EventCountry "BRA"]

1. e4 Nf6 2. Nc3 e5 3. f4 d6 4. Nf3 Nc6 5. Bb5 exf4 6. d3 Be7 7. Bxf4 O-O 8.
O-O a6 9. Bxc6 bxc6 10. Nd4 Bd7 11. Bg5 h6 12. Bh4 Ng4 13. Nxc6 Bxc6 14. Bxe7
Qxe7 15. Qxg4 Rab8 16. b3 Qe5 17. Ne2 f5 18. exf5 Rbe8 19. Ng3 Qe3+ 20. Kh1 Kh8
21. Qf4 Qc5 22. Qc4 Qb6 23. f6 g6 24. Qf4 Kh7 25. c4 Re6 26. Qh4 g5 27. Qg4
Rfxf6 28. Ne4 Rf4 29. Nxg5+ Kg6 30. Qxf4 hxg5 31. Qg3 Qd4 32. Rfe1 Bd7 33. h4
1-0

[Event "IX Floripa Chess Open Fort Atacadista"]
[Site "Florianópolis - Santa Catari"]
[Date "2023.01.29"]
[Round "10.68"]
[White "Da Silva, Daniel Pereira"]
[Black "Mendez Machado, Andre"]
[Result "1/2-1/2"]
[WhiteElo "1775"]
[BlackElo "1986"]
[PlyCount "32"]
[EventDate "2023.01.23"]
[EventRounds "10"]
[EventCountry "BRA"]

1. d4 Nf6 2. c4 e6 3. Nf3 d5 4. Nc3 Bb4 5. Bg5 h6 6. Bh4 dxc4 7. e3 b5 8. Be2
g5 9. Bg3 Ne4 10. Qc2 Bb7 11. O-O Bxc3 12. bxc3 Nd7 13. a4 a6 14. axb5 axb5 15.
Rab1 Ra5 16. Ne5 Nd6 1/2-1/2

[Event "IX Floripa Chess Open Fort Atacadista"]
[Site "Florianópolis - Santa Catari"]
[Date "2023.01.29"]
[Round "10.69"]
[White "Da Silva, Luiz Matheus"]
[Black "Zabala, Antonio Murara"]
[Result "1/2-1/2"]
[WhiteElo "1986"]
[BlackElo "1761"]
[PlyCount "75"]
[EventDate "2023.01.23"]
[EventRounds "10"]
[EventCountry "BRA"]

1. c4 Nf6 2. Nc3 g6 3. g3 Bg7 4. Bg2 O-O 5. e4 d6 6. Nge2 e5 7. O-O Be6 8. d3
Nc6 9. h3 Qd7 10. Kh2 Nh5 11. Be3 h6 12. f4 f5 13. exf5 gxf5 14. Qd2 Kh7 15.
Nd5 a5 16. Nec3 Nd4 17. Qd1 Qf7 18. Nxc7 Qxc7 19. fxe5 dxe5 20. Qxh5 Nc2 21.
Rae1 Nxe1 22. Rxe1 f4 23. Bxf4 exf4 24. Rxe6 fxg3+ 25. Kh1 Rf2 26. Ne4 Raf8 27.
Nxf2 gxf2 28. Qg6+ Kg8 29. Re8 Qf4 30. Rxf8+ Kxf8 31. Bf1 Qf3+ 32. Qg2 Qxg2+
33. Kxg2 Bd4 34. b3 Ke7 35. Kf3 Kd6 36. Ke4 Kc5 37. a3 Bb2 38. b4+ 1/2-1/2

[Event "IX Floripa Chess Open Fort Atacadista"]
[Site "Florianópolis - Santa Catari"]
[Date "2023.01.29"]
[Round "10.70"]
[White "Parijos De Melo, Luiz Claudio"]
[Black "Benitez, Andres"]
[Result "1/2-1/2"]
[WhiteElo "1737"]
[BlackElo "1980"]
[PlyCount "97"]
[EventDate "2023.01.23"]
[EventRounds "10"]
[EventCountry "BRA"]

1. e4 e5 2. Nf3 Nc6 3. Bb5 a6 4. Ba4 Nf6 5. O-O Nxe4 6. d4 b5 7. Bb3 d5 8. dxe5
Be6 9. c3 Be7 10. Be3 O-O 11. h3 Na5 12. Bc2 Nc4 13. Bc1 c5 14. Qe2 f5 15. exf6
Rxf6 16. Nbd2 Ncd6 17. Ne5 Qc7 18. Nxe4 dxe4 19. Bxe4 Nxe4 20. Qxe4 Raf8 21.
Bg5 Rf5 22. Ng6 R8f7 23. Nxe7+ Rxe7 24. Bxe7 Qxe7 25. Rfe1 Rf6 26. Re2 Qf8 27.
Rae1 Bc4 28. Rd2 Re6 29. Qxc4 bxc4 30. Rxe6 Qf4 31. Rd8+ Kf7 32. Re3 Qc7 33.
Rde8 Qa5 34. a3 Qb5 35. R8e7+ Kf8 36. Re2 h6 37. Ra7 Qb8 38. Rxa6 Qb3 39. Rae6
Qd1+ 40. Re1 Qc2 41. R6e2 Qa4 42. Re7 Qb3 43. R1e2 Qd1+ 44. Kh2 h5 45. Re1 Qc2
46. Rb7 Qxf2 47. Ra1 Qf4+ 48. Kh1 g5 49. Rd1 1/2-1/2

[Event "IX Floripa Chess Open Fort Atacadista"]
[Site "Florianópolis - Santa Catari"]
[Date "2023.01.29"]
[Round "10.71"]
[White "Monteiro, Daniel Zotelli"]
[Black "Nascimento, Pedro Henrique Alve"]
[Result "1-0"]
[WhiteElo "1642"]
[BlackElo "1978"]
[PlyCount "67"]
[EventDate "2023.01.23"]
[EventRounds "10"]
[EventCountry "BRA"]

1. e4 e6 2. d4 d5 3. Nc3 Bb4 4. e5 c5 5. a3 Bxc3+ 6. bxc3 Ne7 7. Qg4 O-O 8. h4
Kh8 9. Ne2 f5 10. Qg5 Nbc6 11. Rh3 Ng8 12. Qxd8 Rxd8 13. h5 h6 14. Be3 Bd7 15.
Nf4 Nge7 16. Bb5 Rac8 17. Bxc6 Nxc6 18. Ng6+ Kh7 19. dxc5 Na5 20. Bd4 Nc4 21.
Kd1 Rc6 22. Rb1 Rb8 23. Ne7 Ra6 24. Ra1 Rxa3 25. Rxa3 Nxa3 26. Rg3 Ba4 27. Kc1
Be8 28. Ng6 a5 29. Nf8+ Kh8 30. Nxe6 Nc4 31. Nxg7 f4 32. Rg4 Kh7 33. e6 Bc6 34.
Rxf4 1-0

[Event "IX Floripa Chess Open Fort Atacadista"]
[Site "Florianópolis - Santa Catari"]
[Date "2023.01.29"]
[Round "10.72"]
[White "Silverio, Vitor Luis De Jesus"]
[Black "Custodio, Leandro"]
[Result "1-0"]
[WhiteElo "1682"]
[BlackElo "1964"]
[PlyCount "77"]
[EventDate "2023.01.23"]
[EventRounds "10"]
[EventCountry "BRA"]

1. e4 Nc6 2. d4 d5 3. exd5 Qxd5 4. Nf3 Bg4 5. Be2 O-O-O 6. Be3 e5 7. c4 Bb4+ 8.
Nbd2 Qd6 9. d5 e4 10. Ng5 Bxe2 11. Qxe2 Ne5 12. Ngxe4 Qg6 13. O-O f5 14. Ng5
Nf6 15. Ne6 Rhe8 16. Bf4 Rxe6 17. dxe6 Nd3 18. e7 Bxe7 19. Bg3 Bc5 20. Nb3 f4
21. Nxc5 fxg3 22. Nxd3 gxh2+ 23. Kh1 Rxd3 24. Rad1 Rxd1 25. Rxd1 Qf7 26. b3 h5
27. Qf3 Qe6 28. Qe3 Qf7 29. Qh3+ Nd7 30. Qd3 b6 31. Qd5 Qe7 32. b4 Nb8 33. c5
c6 34. Qd6 Qf7 35. Re1 Qxf2 36. Re8+ Kb7 37. Rxb8+ Ka6 38. Qd1 Qxa2 39. cxb6
1-0

[Event "IX Floripa Chess Open Fort Atacadista"]
[Site "Florianópolis - Santa Catari"]
[Date "2023.01.29"]
[Round "10.73"]
[White "Goetten Wagner, Julia"]
[Black "Dubrovich, Igor"]
[Result "0-1"]
[WhiteElo "1631"]
[BlackElo "1962"]
[PlyCount "80"]
[EventDate "2023.01.23"]
[EventRounds "10"]
[EventCountry "BRA"]

1. e4 c5 2. Nf3 d6 3. d4 cxd4 4. Nxd4 Nf6 5. Nc3 a6 6. f3 e5 7. Nb3 Be6 8. Be3
h5 9. Nd5 Bxd5 10. exd5 Nbd7 11. Qd2 g6 12. Be2 b6 13. O-O Bg7 14. c4 O-O 15.
Rac1 a5 16. Qe1 e4 17. Nd4 exf3 18. Bxf3 Ng4 19. Nc6 Qc7 20. Ne7+ Kh7 21. Bxg4
Ne5 22. Nxg6 fxg6 23. Be6 Nd3 24. Qh4 Nxc1 25. Rxc1 Bh6 26. Bxh6 Qc5+ 27. Kh1
Kxh6 28. Qe7 Qxc4 29. Rg1 Rf1 30. h4 Rxg1+ 31. Kxg1 Qc1+ 32. Kh2 Qf4+ 33. g3
Qf2+ 34. Kh3 Qf1+ 35. Kh2 Rf8 36. Qg5+ Kh7 37. Bg8+ Rxg8 38. Qe7+ Rg7 39. Qe4
Rf7 40. g4 Rf2+ 0-1

[Event "IX Floripa Chess Open Fort Atacadista"]
[Site "Florianópolis - Santa Catari"]
[Date "2023.01.29"]
[Round "10.75"]
[White "Cardoso, Maria Paula Da Silv"]
[Black "Carvalho Jr, Celestino"]
[Result "0-1"]
[WhiteElo "1511"]
[BlackElo "1953"]
[PlyCount "118"]
[EventDate "2023.01.23"]
[EventRounds "10"]
[EventCountry "BRA"]

1. e4 d6 2. d4 Nf6 3. Nc3 g6 4. Be2 Bg7 5. Nf3 O-O 6. Be3 b6 7. Qd2 Bb7 8. Bd3
Re8 9. O-O-O Nbd7 10. Kb1 b5 11. e5 Bxf3 12. exf6 b4 13. gxf3 bxc3 14. fxe7
cxd2 15. exd8=Q Raxd8 16. Rxd2 Nb6 17. c4 c6 18. b3 d5 19. c5 Nd7 20. Kc2 Nf8
21. Ba6 Re6 22. b4 h6 23. h4 Rf6 24. Rh3 Rb8 25. a3 Ne6 26. Kd1 Kh7 27. Ke2 Rf5
28. Bd3 Rf4 29. Kf1 Rf6 30. Rg3 Kg8 31. Be2 Kf8 32. Kg2 Rf5 33. Kh3 Ke7 34. Bd1
Bf6 35. Ba4 Kd7 36. Bc2 Rh5 37. Rg4 g5 38. Bf5 gxh4 39. Bxe6+ fxe6 40. Rg6 Rf5
41. f4 Ke7 42. Rxh6 Kf7 43. Rh7+ Bg7 44. Rxh4 Bf6 45. Rh7+ Bg7 46. Rd1 Rf6 47.
Rg1 Rg6 48. Rg5 a5 49. bxa5 Rb3 50. Kg4 Rxa3 51. Rh1 Rxa5 52. Rb1 Ra7 53. Rb6
Rc7 54. f5 exf5+ 55. Kxf5 Rf6+ 56. Kg4 Re7 57. Re5 Rg6+ 58. Rg5 Re4+ 59. Kh5
Rh6# 0-1

[Event "IX Floripa Chess Open Fort Atacadista"]
[Site "Florianópolis - Santa Catari"]
[Date "2023.01.29"]
[Round "10.76"]
[White "Gazola, Vanessa Ramos"]
[Black "De Paula, Bruno Cesar Lima"]
[Result "1-0"]
[WhiteElo "1949"]
[BlackElo "1591"]
[PlyCount "115"]
[EventDate "2023.01.23"]
[EventRounds "10"]
[EventCountry "BRA"]

1. d4 d5 2. c4 e6 3. Nf3 f5 4. g3 Nf6 5. Bg2 c6 6. O-O Bd6 7. b3 O-O 8. Ba3 Ne4
9. Ne5 Bxa3 10. Nxa3 Qg5 11. e3 Qh6 12. Nc2 Nd7 13. Nd3 g5 14. f3 Nef6 15. Nf2
f4 16. g4 e5 17. cxd5 Nxd5 18. e4 Ne3 19. Nxe3 fxe3 20. Nh3 e2 21. Qxe2 exd4
22. Qc4+ Rf7 23. Qxd4 c5 24. Qd5 Nf8 25. Qxg5+ Qxg5 26. Nxg5 Rg7 27. Nh3 h5 28.
Nf2 hxg4 29. fxg4 Bxg4 30. Nxg4 Rxg4 31. Rad1 Ne6 32. h3 Rg7 33. Kh2 Kh8 34.
Rf6 Nd4 35. Rdf1 Nc2 36. e5 Rxg2+ 37. Kxg2 Ne3+ 38. Kf2 Nxf1 39. Kxf1 Kg7 40.
Rd6 Kf7 41. a4 Re8 42. Rd7+ Ke6 43. Rxb7 Kxe5 44. Rxa7 Rb8 45. Ra5 Kd4 46. Rb5
Rh8 47. Kg2 Rg8+ 48. Kh2 Rh8 49. a5 Ra8 50. h4 Ra6 51. Kh3 Rg6 52. h5 Rg1 53.
Kh4 Re1 54. h6 Re4+ 55. Kg5 Re5+ 56. Kf6 Rd5 57. Kg6 Rd6+ 58. Kh7 1-0

[Event "IX Floripa Chess Open Fort Atacadista"]
[Site "Florianópolis - Santa Catari"]
[Date "2023.01.29"]
[Round "10.77"]
[White "Calcada, Henrique Galvan"]
[Black "Pontes, Israel Fillip Da Si"]
[Result "1-0"]
[WhiteElo "1469"]
[BlackElo "1947"]
[PlyCount "156"]
[EventDate "2023.01.23"]
[EventRounds "10"]
[EventCountry "BRA"]

1. Nf3 Nf6 2. c4 e6 3. g3 d5 4. b3 c5 5. e3 dxc4 6. bxc4 Nc6 7. Bg2 Qd3 8. Qb3
Nb4 9. Na3 Bd6 10. Bb2 Qxb3 11. axb3 Nd3+ 12. Ke2 Nxb2 13. Rhb1 Bd7 14. Rxb2
Ke7 15. Nb5 a5 16. Nxd6 Kxd6 17. Ng5 Ke7 18. Rba2 a4 19. bxa4 Ra5 20. Bxb7 Rb8
21. Bf3 Rb4 22. d3 h6 23. Ne4 Nxe4 24. Bxe4 Kd6 25. Kd2 f5 26. Bf3 e5 27. Bd1
e4 28. Kc3 exd3 29. Kxd3 Bc6 30. Ra3 Rb2 31. R3a2 Rb4 32. Kc3 Ke5 33. Bc2 Be4
34. f4+ Ke6 35. Bxe4 fxe4 36. Rb2 Raxa4 37. Rxa4 Rxa4 38. Rb6+ Kf5 39. Kb3 Ra8
40. h3 h5 41. Rc6 Ra5 42. Rd6 Ra1 43. Rd5+ Kf6 44. Kc2 Rg1 45. Rg5 g6 46. Kd2
Rg2+ 47. Ke1 Rg1+ 48. Kf2 Ra1 49. Ke2 Ra2+ 50. Kd1 Ra1+ 51. Kd2 Ra2+ 52. Kd1
Ra3 53. Rxc5 Rxe3 54. Rg5 Rc3 55. c5 e3 56. Ke2 Kf7 57. h4 Kf6 58. Rd5 Kf7 59.
f5 gxf5 60. Rxf5+ Kg6 61. Rg5+ Kh6 62. Kf3 Rd3 63. Re5 Rc3 64. Ke2 Kg6 65. Re6+
Kg7 66. Rc6 Kf7 67. Rc8 Ke6 68. c6 Kd6 69. c7 Rc5 70. Kxe3 Kd7 71. Kd4 Ra5 72.
Rg8 Kxc7 73. Rg5 Rxg5 74. hxg5 Kd6 75. Ke4 Ke6 76. Kf4 Kf7 77. Kf5 Kg7 78. g6
Kg8 1-0

[Event "IX Floripa Chess Open Fort Atacadista"]
[Site "Florianópolis - Santa Catari"]
[Date "2023.01.29"]
[Round "10.78"]
[White "Silva, Juliana Figueira Th"]
[Black "Caceres Benitez, Arturo Eduardo"]
[Result "0-1"]
[WhiteElo "1393"]
[BlackElo "1944"]
[PlyCount "72"]
[EventDate "2023.01.23"]
[EventRounds "10"]
[EventCountry "BRA"]

1. Nf3 c5 2. g3 Nc6 3. Bg2 g6 4. d3 Bg7 5. O-O e5 6. e4 Nge7 7. Nbd2 O-O 8. c3
d6 9. a4 h6 10. Nc4 Be6 11. Ne3 f5 12. Nd2 f4 13. Nd5 Qd7 14. Nc4 g5 15. Bd2
Rf7 16. b4 cxb4 17. cxb4 Nd4 18. Nxe7+ Qxe7 19. f3 d5 20. Na3 dxe4 21. dxe4 Bb3
22. Qb1 Bxa4 23. Nc4 Bb5 24. Nb6 Bxf1 25. Nxa8 Bxg2 26. Kxg2 fxg3 27. hxg3 b6
28. Qa2 Kh7 29. Rc1 Qf8 30. Nc7 Rxf3 31. Be1 Re3 32. Ne6 Qf3+ 33. Kh3 g4+ 34.
Kh4 Bf6+ 35. Kh5 Qh1+ 36. Kxg4 h5# 0-1

[Event "IX Floripa Chess Open Fort Atacadista"]
[Site "Florianópolis - Santa Catari"]
[Date "2023.01.29"]
[Round "10.79"]
[White "De Souza, Felipe Guimaraes"]
[Black "Ribeiro, Davison Soares"]
[Result "1/2-1/2"]
[WhiteElo "1943"]
[BlackElo "1800"]
[PlyCount "92"]
[EventDate "2023.01.23"]
[EventRounds "10"]
[EventCountry "BRA"]

1. Nf3 Nf6 2. c4 g6 3. Nc3 d5 4. cxd5 Nxd5 5. Qa4+ c6 6. Qd4 f6 7. e4 Nxc3 8.
Qxd8+ Kxd8 9. dxc3 e5 10. Be3 Be6 11. h4 h5 12. O-O-O+ Kc7 13. Nd2 Nd7 14. Bc4
Bxc4 15. Nxc4 Nc5 16. Bxc5 Bxc5 17. b4 Be7 18. Kc2 Rad8 19. Rhg1 Rh6 20. Ne3
Rdh8 21. g3 Re8 22. Kd3 Rd8+ 23. Ke2 Re8 24. g4 hxg4 25. Rxg4 Reh8 26. Rdg1
Rxh4 27. Rxh4 Rxh4 28. Rxg6 Rxe4 29. Rg7 Kd8 30. Rg8+ Kd7 31. Rb8 Kc7 32. Ra8
a6 33. Re8 Kd7 34. Rb8 Kc7 35. Rh8 f5 36. Rh5 a5 37. f3 Rh4 38. Rxh4 Bxh4 39.
Nxf5 Bd8 40. Kd3 Kd7 41. Ke4 Ke6 42. a4 Bc7 43. Ne3 b5 44. axb5 cxb5 45. Nd5
Bd8 46. bxa5 Bxa5 1/2-1/2

[Event "IX Floripa Chess Open Fort Atacadista"]
[Site "Florianópolis - Santa Catari"]
[Date "2023.01.29"]
[Round "10.80"]
[White "De Souza, Nicolas Gabriel"]
[Black "Soares, Renan Barbosa Monte"]
[Result "0-1"]
[WhiteElo "1326"]
[BlackElo "1941"]
[PlyCount "78"]
[EventDate "2023.01.23"]
[EventRounds "10"]
[EventCountry "BRA"]

1. e4 c5 2. Nf3 d6 3. Bb5+ Bd7 4. Bxd7+ Qxd7 5. O-O Nc6 6. Qe2 Nf6 7. Rd1 Rc8
8. c3 e6 9. d4 cxd4 10. cxd4 d5 11. e5 Ne4 12. Be3 Be7 13. Ne1 f5 14. h4 O-O
15. Bf4 Bxh4 16. f3 g5 17. fxe4 gxf4 18. exd5 Qxd5 19. Nc3 Qd8 20. Nf3 Bg3 21.
d5 Qb6+ 22. Kf1 Ne7 23. d6 Ng6 24. Rac1 Qd8 25. Qd3 Rc5 26. Qd4 Rc6 27. Ne2
Rxc1 28. Rxc1 Nh4 29. Nxg3 fxg3 30. d7 Qe7 31. Rc8 Rd8 32. Qd6 Kf7 33. Rc7 Nxf3
34. gxf3 Qh4 35. Rc8 Qh1+ 36. Ke2 Qg2+ 37. Ke3 f4+ 38. Kxf4 Qh2 39. Qf8+ Kxf8
0-1